Of the laws of ecclesiastical polity / (Record no. 32010)
[ view plain ]
| 000 -LEADER | |
|---|---|
| fixed length control field | 01238fam a2200337 a 4500 |
| 001 - CONTROL NUMBER | |
| control field | 32010 |
| 003 - CONTROL NUMBER IDENTIFIER | |
| rucl marc code | BD-RjUL |
| 005 - DATE AND TIME OF LATEST TRANSACTION | |
| control field | 20211209051758.0 |
| 008 - FIXED-LENGTH DATA ELEMENTS--GENERAL INFORMATION | |
| fixed length control field | 140423r19541907nyu b 001 0 eng |
| 035 ## - SYSTEM CONTROL NUMBER | |
| System control number | (OCoLC)232664992 |
| System control number | (OCoLC)ocn232664992 |
| System control number | (BD-RjUL)32099 |
| System control number | (NNC)1375049 |
| 040 ## - CATALOGING SOURCE | |
| Original cataloging agency | DLC |
| Transcribing agency | DLC |
| Modifying agency | BD-RjULC |
| Language of cataloging | eng |
| 041 ## - LANGUAGE CODE | |
| Language code of text/sound track or separate title | eng |
| 082 00 - DEWEY DECIMAL CLASSIFICATION NUMBER | |
| Classification number | 262.983 |
| Edition number | 20 |
| Author mark and year | RIC V-1 1954 |
| 100 ## - MAIN ENTRY--PERSONAL NAME | |
| Personal name | Hooker, Richard |
| 9 (RLIN) | 108807 |
| 245 00 - TITLE STATEMENT | |
| Title | Of the laws of ecclesiastical polity / |
| Statement of responsibility, etc. | Richard Hooker ;Introduction by Christopher Morris . |
| Number of part/section of a work | Volume 1 |
| 260 ## - PUBLICATION, DISTRIBUTION, ETC. (IMPRINT) | |
| Place of publication, distribution, etc. | New York : |
| Name of publisher, distributor, etc. | E.P.Dutton & Co., |
| Date of publication, distribution, etc. | 1907 [Reprint 1954]. |
| 300 ## - PHYSICAL DESCRIPTION | |
| Pagination | xv, 429 p. : |
| Illustrations | illus. ; |
| Size | 22 cm. |
| 504 ## - BIBLIOGRAPHY, ETC. NOTE | |
| Bibliography, etc | Includes bibliographical references and indexes. |
| 600 10 - SUBJECT ADDED ENTRY--PERSONAL NAME | |
| Personal name | Hooker, Richard. |
| Dates associated with a name | 1553 or 1554-1600. |
| 610 20 - SUBJECT ADDED ENTRY--CORPORATE NAME | |
| Corporate name or jurisdiction name as entry element | Church of England |
| 650 #0 - SUBJECT ADDED ENTRY--TOPICAL TERM | |
| Topical term or geographic name as entry element | Church polity |
| Form subdivision | Early works to 1800. |
| 9 (RLIN) | 97432 |
| Topical term or geographic name as entry element | Ecclesiastical law |
| Form subdivision | Early works to 1800. |
| 9 (RLIN) | 97433 |
| Topical term or geographic name as entry element | Anglican Communion |
| General subdivision | Doctrines |
| Form subdivision | Early works to 1800. |
| 9 (RLIN) | 97434 |
| Topical term or geographic name as entry element | Church and state |
| Geographic subdivision | Great Britain |
| Form subdivision | Early works to 1800. |
| 9 (RLIN) | 97435 |
| 700 ## - ADDED ENTRY--PERSONAL NAME | |
| Personal name | Morris, Christopher |
| 942 ## - ADDED ENTRY ELEMENTS (KOHA) | |
| Source of classification or shelving scheme | Dewey Decimal Classification |
| Koha item type | Books |
| Lost status | Source of classification or shelving scheme | Damaged status | Not for loan | Collection code | Permanent Location | Current Location | Shelving location | Date acquired | Source of acquisition | Cost, normal purchase price | Total Checkouts | Full call number | Date last seen | Copy number | Koha item type |
|---|---|---|---|---|---|---|---|---|---|---|---|---|---|---|---|
| Dewey Decimal Classification | Not For Loan | Non-fiction | Central Library, University of Rajshahi | Central Library, University of Rajshahi | Reading Room | 24/09/1955 | B.H. black well | 7.00 | 262.983 ROO V-1 1954 | 23/04/2014 | C-1 | Books | |||
| Dewey Decimal Classification | Non-fiction | Central Library, University of Rajshahi | Central Library, University of Rajshahi | 08/12/1965 | Zeit | 9.60 | 262.983 ROO V-1 1963 | 23/04/2014 | C-7 | Books | |||||
| Dewey Decimal Classification | Non-fiction | Central Library, University of Rajshahi | Central Library, University of Rajshahi | 11/02/1963 | Zeitlinger | 10.00 | 262.983 ROO V-1 1958 | 24/04/2014 | C-2 | Books | |||||
| Dewey Decimal Classification | Non-fiction | Central Library, University of Rajshahi | Central Library, University of Rajshahi | 31/05/2014 | 262.983 ROO V-1 1954 | 31/05/2014 | C-3 | Books |